Horné - Orešany, ČSR (Župa bratislavská, Département de Bratislava, Gau Bratislava)

Zobrazenie: V bielom orámovaní pohľad na prašnú cestu, vedľa ktorej vpravo je potok, ktorý je sprava lemovaný stromami a na potoku je kŕdeľ husí. Za cestou potok pokračuje a je po oboch stranách lemovaný stromami. Pri potoku za cestou je vpravo voz ťahaný dvoma volmi a vľavo dve ženy...

Full description

Bibliographic Details
Format: Postcard
Language:Slovak
PhysicalDescription:1 pohľadnica tónovaná do hneda 15 x 11 cm
Published: [Bratislava] Cudzinecká komisia mesta Bratislavy [medzi 1920 a 1928?]
Subjects:

MARC

LEADER 00000ckm a2200000 a 4500
001 vtls010174318
003 SK-MaSNL
005 20260512124452.0
007 kp ao
008 200701q1920 xo g kuslo
015 |a SNBG 
040 |a SNK  |b slo  |c SNK  |e AACR2 
041 0 |a slo 
043 |a e-xo--- 
044 |a xo  |c SK 
072 7 |a 908(437)  |x Vlastiveda Česka a Slovenska  |2 konspekt 
080 |a 908(437.6)  |2 2011 
080 |a 711.73  |2 2011 
080 |a 625.711.1/.3  |2 2011 
080 |a (084.121)  |2 2011 
080 |a 556.524  |2 2011 
245 0 0 |a Horné - Orešany, ČSR  |h grafika  |b (Župa bratislavská, Département de Bratislava, Gau Bratislava) 
260 |a [Bratislava]  |b Cudzinecká komisia mesta Bratislavy  |c [medzi 1920 a 1928?] 
300 |a 1 pohľadnica  |b tónovaná do hneda  |c 15 x 11 cm 
520 8 |a Zobrazenie: V bielom orámovaní pohľad na prašnú cestu, vedľa ktorej vpravo je potok, ktorý je sprava lemovaný stromami a na potoku je kŕdeľ husí. Za cestou potok pokračuje a je po oboch stranách lemovaný stromami. Pri potoku za cestou je vpravo voz ťahaný dvoma volmi a vľavo dve ženy 
546 |a Podnázov je kombináciou troch jazykov: francúzština, nemčina, slovenčina 
650 0 7 |a cesty  |2 SNKPH  |9 25096 
650 0 7 |a potoky  |2 SNKPH  |9 31771 
651 7 |a Horné Orešany (Slovensko)  |2 SNKPHgeo  |9 84257 
655 7 |a geografické pohľadnice  |2 SNKPH  |9 70522 
958 |a GBN 
958 |a GC 
958 |a OND 
999 |c 920413  |d 922343 
952 |a SNK  |b SNK  |y PREZ  |7 0  |p 17A0671819  |o snkSP 13687  |0 0  |1 0  |4 0  |d 2010-10-01  |f 1  |l 0  |r 2026-02-24 08:13:34  |w 2026-02-24